000 00493nam a2200157 i 4500
001 25297
003 ES-MaACL
005 20230906153231.0
007 t|
008 021223s1890 sp ||||1| spa d
100 1 _aAranda y Pery, Joaquín María (
_d1832-1901)
_922294
245 1 3 _aLa marina de guerra y la industria nacional
_b: memoria... /
_cJaquín María Aranda.
260 _aMadrid :
_b[s.n.],
_c1890.
650 4 _aMarina de guerra-
_zEspaña.
_9136467
852 _aES-MaACL
_jT-543-F-11
999 _c25297
_d25297